Escudos de Equipes da Sul-Americana 2025 - Statistics

Estatísticas Gerais
  • Esse quiz foi jogado 32 vezes
  • A pontuação média é 36 de 51
Estatísticas das Respostas
Imagem Resposta % Correto
Alianza Lima
93%
América de Cali
93%
Atlético Mineiro
93%
Aucas
93%
Aurora
93%
Bahia
93%
Bolívar
93%
Caracas
93%
Cerro Largo
93%
Cruzeiro
93%
Cusco
93%
Godoy Cruz
93%
Grêmio
93%
Guaraní
93%
Orense
93%
Palestino
93%
Vasco
93%
Vitória
93%
Independiente
90%
Lanús
86%
Defensa y Justicia
83%
Huracán
83%
Independiente del Valle
83%
Metropolitanos
83%
Puerto Cabello
83%
Sportivo Ameliano
83%
Sportivo Luqueño
83%
Universidad Católica
83%
Once Caldas
79%
Universidad de Chile
72%
Central Córdoba
69%
Danubio
69%
San Antonio Bulo Bulo
69%
Junior Barranquilla
66%
Unión Española
66%
Atlético Bucaramanga
62%
Cienciano
62%
Millonarios
55%
Racing Montevideo
55%
Nacional Potosí
52%
Mushuc Runa
48%
Everton
38%
GV San José
38%
Atlético Grau
31%
Montevideo Wanderers
31%
Unión Santa Fé
31%
2 de Mayo
28%
Universidad Católica-EQU
28%
Deportivo de La Guaira
21%
Deportiva Tarma
14%
Universitario de Vinto
10%
Nenhum quiz correspondente encontrado
Distribuição das Pontuações
Porcentagem de Pessoas com Cada Pontuação
Percentil de Números Respondidos
Sua Pontuação Histórica
Você não jogou esse quiz